000
00239 a2200097 4500
001
29343
100
_a
Hiller
245
_a
Thermodynamic physics of Spacecraft and Planetary Bodies
260
_a
_b
Academic Press
_c
090
_c
19565
_d
19565
942
_a
NUST-CAE
_c
M
_c
10630
999
_c
264416
_d
264416